Rūdolfs Blaumanis (1863-1908) zwischen lettischer und deutschen Kultur

Titel: Rūdolfs Blaumanis (1863-1908) zwischen lettischer und deutschen Kultur / Benedikts Kalnačs
Verfasser:
In: Deutsch-Baltisches Jahrbuch, Band 66 (2018), Seite 148-160
alle Artikel anzeigen
Veröffentlicht: 2018
Format: Aufsatz
Sprache: Deutsch
Schlagworte:
Kein Bild verfügbar
X
alg: 44758537
001A    $03025:10-04-19 
001B    $01999:10-04-19 $t22:30:24.000 
001D    $03025:10-04-19 
001U    $0utf8 
001X    $00 
002@    $0Aou 
002C    $aText $btxt $2rdacontent 
002D    $aohne Hilfsmittel zu benutzen $bn $2rdamedia 
002E    $aBand $bnc $2rdacarrier 
003@    $0447585371 
007A    $0447585371 $aHEB 
010@    $ager 
010E    $erda 
011@    $a2018 
021A    $aRūdolfs Blaumanis (1863-1908) zwischen lettischer und deutschen Kultur $hBenedikts Kalnačs 
028A    $BVerfasser $4aut $71144908302 $8Kalnačs, Benedikts$Z1965- [Tp1] $9421365196 
031A    $d66 $g13 $h148-160 $j2018 
039B    $aEnthalten in $8--Abvc--. Deutsch-Baltisches Jahrbuch. - Lüneburg : Carl-Schirren-Ges., 2013-. - ISSN 2367-1661 $x201800000660000852 $9327964006 
044K    $#Blauman, R. $#Blauman, Rudolʹf $#Blaumanis, Rudolʹf $#Blaumann, Rudolf $7118511610 $8Blaumanis, Rūdolfs$Z1863-1908 [Tp1] $9086852744 
044K    $#Lettland $#Lettland $#Latvija $#Latvijas Republika $#Lettische Republik $#Lettische SSR $#Latvijskaja SSR $74074187-4 $8Lettland [Tg1] $9085208876 
044K    $RAutor $RLiteratur $RSchriftstellerin $#Novelists $#Romanciers $#Authors $#Écrivains $#Dichter $#Literaturproduzent $#Literat $#Homme de lettres $74053309-8 $8Schriftsteller [Tsz] $9085148040 
044K    $RBaltische Sprachen $#Latvian language $#Letton (langue) $#Lingua lettone $#Lengua letona $74114406-5 $8Lettisch [Ts1] $9085342246 
044K    $RSüdgermanische Sprachen $#German language $#Allemand (langue) $#Neuhochdeutsch $#Deutsche Sprache $#Hochdeutsch $74113292-0 $8Deutsch [Tsz] $9085334081 
044K    $RMehrsprachigkeit $#Bilingualism $#Bilinguisme $#Bilinguismo $#Bilingüismo $#Bilingualität $#Bilinguismus $#Gemischtsprachigkeit Zweisprachigkeit $#Bilingualismus $74068227-4 $8Zweisprachigkeit [Ts1] $9085191868 
044K    $RKultur $#Ethnic relations $#Cultural relations $#Relations interethniques $#Relations culturelles $#Relaciones étnicas $#Relaciones culturales $#Interkulturelle Beziehungen $#kulturelle Beziehungen $#Kulturelle Beziehungen $#Kulturbeziehung $74033552-5 $8Kulturbeziehungen [Ts1] $9085089621 
045F    $a800 $eDDC23BSB 
045F/01 $a800 
045F/03 $f09034 
045F/03 $g4796 
045F/03 $g43 
045R    $aIdeengeschichte 1863-1908 

lok: 44758537 78

exp: 44758537 78 1 #EPN
201B/01 $010-04-19 $t09:57:15.000 
201C/01 $010-04-19 
201U/01 $0utf8 
203@/01 $01049855841 
208@/01 $a10-04-19 $be 
209A/01 $a/ $f000 $x00 
209A/01 $ab*p $x01 
220C/01 $akoe 
247C/01 $82080>Marburg/Lahn, Herder-Institut, Forschungsbibliothek, Bibliographieportal $9336309341
LEADER 00000caa a2200000 c 4500
001 447585371
003 DE-603
005 20190410223024.0
007 tu
008 190410s2018 xx |||| | u00||u|ger c
035 |a (DE-599)HEB447585371 
040 |a DE-603  |b ger  |c DE-603  |d DE-603  |e rda 
041 |a ger 
082 0 4 |8 1\u  |a 800  |q DE-101  |2 23/BSB 
085 |8 1\u  |b 800 
085 |8 1\u  |z 1  |s 09034 
085 |8 1\u  |z 2  |s 4796 
085 |8 1\u  |z 2  |s 43 
100 1 |a Kalnačs, Benedikts  |d 1965-  |e Verfasser  |4 aut  |0 (DE-603)421365196  |0 (DE-588)1144908302  |2 gnd 
245 0 0 |a Rūdolfs Blaumanis (1863-1908) zwischen lettischer und deutschen Kultur  |c Benedikts Kalnačs 
264 0 |c 2018 
336 |a Text  |b txt  |2 rdacontent 
337 |a ohne Hilfsmittel zu benutzen  |b n  |2 rdamedia 
338 |a Band  |b nc  |2 rdacarrier 
600 1 7 |a Blaumanis, Rūdolfs  |d 1863-1908  |0 (DE-588)118511610  |0 (DE-603)086852744  |2 gnd 
648 7 |a Ideengeschichte 1863-1908  |2 gnd 
650 7 |a Schriftsteller  |0 (DE-588)4053309-8  |0 (DE-603)085148040  |2 gnd 
650 7 |a Lettisch  |0 (DE-588)4114406-5  |0 (DE-603)085342246  |2 gnd 
650 7 |a Deutsch  |0 (DE-588)4113292-0  |0 (DE-603)085334081  |2 gnd 
650 7 |a Zweisprachigkeit  |0 (DE-588)4068227-4  |0 (DE-603)085191868  |2 gnd 
650 7 |a Kulturbeziehungen  |0 (DE-588)4033552-5  |0 (DE-603)085089621  |2 gnd 
651 7 |a Lettland  |0 (DE-588)4074187-4  |0 (DE-603)085208876  |2 gnd 
773 0 8 |i Enthalten in  |t Deutsch-Baltisches Jahrbuch  |d Lüneburg : Carl-Schirren-Ges., 2013-  |h 21 cm  |x 2367-1661  |g Band 66 (2018), Seite 148-160  |w (DE-603)327964006  |w (DE-600)2731779-1 
924 0 |9 2080  |a (DE-603)1049855841  |b DE-2080  |c HES  |d d  |g /